Online
Catalog

Presupuestos : (Record no. 22987)

MARC details
000 -CABECERA
campo de control de longitud fija 01154nam a2200289 a 4500
001 - NÚMERO DE CONTROL
campo de control 000023491
005 - FECHA Y HORA DE LA ÚLTIMA TRANSACCIÓN
campo de control 20200930022246.0
008 - DATOS DE LONGITUD FIJA--INFORMACIÓN GENERAL
campo de control de longitud fija 101209s1990 mx 000 0 spa d
020 ## - NÚMERO INTERNACIONAL ESTÁNDAR DEL LIBRO
Número Internacional Estándar del Libro 9688801844
040 ## - FUENTE DE LA CATALOGACIÓN
Centro catalogador/agencia de origen DO-SdBNP
Lengua de catalogación spa
Centro/agencia transcriptor BNPHU
041 17 - CÓDIGO DE LENGUA
Código de lengua del texto/banda sonora o título independiente spa
Código de lengua original eng
Fuente del código Código de idiomas MARC
082 ## - NÚMERO DE LA CLASIFICACIÓN DECIMAL DEWEY
Número de clasificación 658.154
Número de documento/Ítem W458p, 1990
049 ## - FONDOS LOCALES (OCLC)
Fondos de biblioteca BNGR
100 1# - ENTRADA PRINCIPAL--NOMBRE DE PERSONA
Nombre de persona Welsch, Glenn A.
9 (RLIN) 48404
240 10 - TÍTULO UNIFORME
Título uniforme Budgeting, profit planning and control.
Lenguaje de la obra Español
245 10 - MENCIÓN DE TÍTULO
Título Presupuestos :
Resto del título planificación y control de utilidades /
Mención de responsabilidad, etc. GLenn A. Welsch, Ronald W. Hilton y Paul N. Gordon ; traducción Julián Vázquez Prada Gutiérrez ; revisión técnica Lourdes Linares Castro.
250 ## - MENCIÓN DE EDICIÓN
Mención de edición 5a ed.
260 ## - PUBLICACIÓN, DISTRIBUCIÓN, ETC.
Lugar de publicación, distribución, etc. México, D. F. :
Nombre del editor, distribuidor, etc. Prentice Hall Hispanoamericana,
Fecha de publicación, distribución, etc. 1990.
300 ## - DESCRIPCIÓN FÍSICA
Extensión 697 p. ;
Dimensiones 23 cm.
534 ## - NOTA SOBRE LA VERSIÓN ORIGINAL
Encabezamiento principal del original [Título en inglés] :
Mención de título del original Budgeting, profit planning and control
650 #4 - PUNTO DE ACCESO ADICIONAL DE MATERIA--TÉRMINO DE MATERIA
Término de materia o nombre geográfico como elemento de entrada Presupuesto (empresas privadas)
9 (RLIN) 36083
650 #4 - PUNTO DE ACCESO ADICIONAL DE MATERIA--TÉRMINO DE MATERIA
Término de materia o nombre geográfico como elemento de entrada Política financiera
9 (RLIN) 47042
700 1# - PUNTO DE ACCESO ADICIONAL--NOMBRE DE PERSONA
Nombre de persona Hilton, Ronald W.
9 (RLIN) 48405
700 1# - PUNTO DE ACCESO ADICIONAL--NOMBRE DE PERSONA
Nombre de persona Gordon, Paul N.
9 (RLIN) 48406
700 1# - PUNTO DE ACCESO ADICIONAL--NOMBRE DE PERSONA
Nombre de persona Vázquez Prada Gutiérrez, Julián,
Término indicativo de función/relación tr.
9 (RLIN) 48407
700 1# - PUNTO DE ACCESO ADICIONAL--NOMBRE DE PERSONA
Nombre de persona Linares Castro, Lourdes.
9 (RLIN) 48408
Holdings
Estado de retiro Estado de pérdida Restricciones de uso No para préstamo Código de colección Localización permanente Ubicación/localización actual Ubicación en estantería Fecha de adquisición Número de inventario Total de préstamos Signatura topográfica completa Código de barras Fecha visto por última vez Precio válido a partir de Tipo de ítem Koha
        Monografías: Libros y Folletos General General Depósito 09.12.2010 LF1   658.154 W458p, 1990 23491-10 25.06.2020 25.06.2020 Préstamo en sala

Powered by Koha